|
|
|
|
| LEADER |
00892nab#a2200337#ar4500 |
| 001 |
000031621 |
| 003 |
SVKKK |
| 005 |
00000000000000.0 |
| 008 |
c xo e sloo |
| FMT |
|
|
|
| 038 |
|
|
|a SVKKK
|
| 040 |
|
|
|a SVKKK
|b slo
|e AACR2
|
| 041 |
0 |
|
|a slo
|
| 044 |
|
|
|a xo
|c SK
|
| 080 |
|
|
|a 551.
|2 1981
|
| 080 |
|
|
|a 929 Chovan, Alfon
|2 1981
|
| 100 |
1 |
|
|a Kacerová, Viera
|4 aut
|
| 245 |
1 |
0 |
|a Mgr. Alfonz Chovan jubiluje
|c Kacerová Viera,
|
| 300 |
|
|
|b Fotogr. 1
|
| 600 |
1 |
4 |
|a Chovan, Alfonz,
|d 1939,
|x speleológ
|x Spišská Nová Ves
|x štud.
|x Košice
|x pôsobenie
|
| 650 |
0 |
4 |
|a Chovan, Alfonz (1939-,)
|x profily
|
| 773 |
0 |
|
|t Chránené územia Slovenska
|x 1335-1737
|g , č. 40(1999), s. 50
|
| 957 |
|
|
|a Košice
|
| 957 |
|
|
|a Spišská Nová Ves
|
| 958 |
|
|
|a KE
|
| 958 |
|
|
|a SN
|
| 974 |
|
|
|d 990804
|a SAB
|
| 992 |
|
|
|a RBX
|
| BAS |
|
|
|
| 852 |
|
|
|a SVKKK
|b BIB
|
| 998 |
|
|
|a REG
|